Chains of deceit /

সংরক্ষণ করুন:
গ্রন্থ-পঞ্জীর বিবরন
প্রধান লেখক: Alexander, Paul C. (লেখক)
বিন্যাস: গ্রন্থ
ভাষা:ইংরেজি
প্রকাশিত: London : Idol, c1997
ট্যাগগুলো: ট্যাগ যুক্ত করুন
কোনো ট্যাগ নেই, প্রথমজন হিসাবে ট্যাগ করুন!

MARC

LEADER 00000nam a22000007i 4500
001 IT\ICCU\UBO\2261079
003 ItRI
005 20260115231816.0
008 030730s1997 xxk|||||| ||||| |||||c
020 |a 0352332069 
040 |b ita  |c importazione bologna sebina 
041 7 |a eng  |2 ISO-639-2 
100 1 |a Alexander, Paul C.  |0 IT\ICCU\UBOV\817886  |4 aut 
245 1 0 |a Chains of deceit /  |c Paul C. Alexander. 
260 |a London :  |b Idol,  |c c1997 
300 |a 209 p. ;  |c 19 cm. 
942 |2 ddc  |c BK  |n 0 
952 |0 0  |1 0  |4 0  |6 DOC_823_914000000000000_ALE  |7 0  |9 13156  |a BO  |b BO  |d 2026-01-15  |i 7650  |l 0  |o DOC 823.914 ALE  |p BO7650  |r 2026-01-15 23:18:16  |w 2026-01-15  |x [Sebina 5] [1 v.]  |y BK  |z 1 v. 
999 |c 11282  |d 11282